Mountain Ranges of Montana - Statistics

General Stats
  • This quiz has been taken 7 times
  • The average score is 6 of 61
Answer Stats
Answer % Correct
Bitterroot
71%
Bighorn
57%
Absaroka
43%
Beartooth
43%
Crazy
43%
Big Belt
29%
Big Snowy
29%
Gallatin
29%
Lewis
29%
Little Belt
29%
Little Snowy
29%
Beaverhead
14%
Bridger
14%
Cabinet
14%
Elkhorn
14%
Judith
14%
Lewis and Clark
14%
Madison
14%
Mission
14%
Ruby
14%
Sawtooth
14%
Swan
14%
Sweet Grass
14%
Tobacco Root
14%
Anaconda
0%
Bears Paw
0%
Big Sheep
0%
Black Reef
0%
Boulder
0%
Bull
0%
Castle
0%
Centennial
0%
Couer d'Alene
0%
Dry
0%
Flathead
0%
Flint Creek
0%
Garnet Range
0%
Granite
0%
Gravelly
0%
Greenhorn
0%
Henry's Lake
0%
Highland
0%
Highwood
0%
Horn
0%
John Long
0%
Little Rocky
0%
Little Wolf
0%
North Moccasin
0%
Percell
0%
Pioneer
0%
Pryor
0%
Rattlesnake
0%
Salish
0%
Sapphire
0%
Smoky
0%
Snowcrest
0%
South Moccasin
0%
Tendoy
0%
Whitefish
0%
Wilson
0%
Wolf
0%
No matching quizzes found
Score Distribution
Percent of People with Each Score
Percentile by Number Answered
Your Score History
You have not taken this quiz